000 00335 a2200157 4500
001 114108
041 _apor
090 _aYear 1 B/E
245 1 0 _aProjetor Epson 475 Wi+ 6
250 _a. ed.
300 _aMarca Epson
856 _u000011/00001126.jpg
040 _aBR-BrIDEA
_cBR-BrIDEA
260 _a[S.l.]
_c2016
942 _cDE
999 _c114108
_d114108